000 00514nam a22002057a 4500
005 20240718114839.0
008 240718b |||||||| |||| 00| 0 eng d
020 _a0-07-709947-8
082 _a330
_bBEG-E
100 _aBegg, David
245 _aEconomics /
_cDavid Begg
250 _a7th ed.
260 _aUK;
_bMcGraw-Hill;
_c2003
300 _axvi, 552 p.:
_bill;
_c26 cm.
500 _aInclude Index.
650 _aEconomics
700 _aStanley Fischer
700 _aRudiger Dornbusch
999 _c36137
_d36137